000 00369nam a2200145Ia 4500
008 231217s9999 xx 000 0 und d
041 _aEnglish
082 _a658 BRU;1 R
100 _aBrue, Greg
245 0 _aSix sigma for managers : a brief case book
260 _c2002
_bTata McGraw-Hill
_aNew Delhi
300 _axiv+189
650 _aSix,sigma
942 _cAA
999 _c172703
_d172703